Statistics for Capital Cities Furthest from Another Country

Click here to take the quiz!

General Stats

  • This quiz has been taken 150 times
  • The average score is 11 of 20

Answer Stats

kmCapitalmiNearest Country% Correct
1488Wellington925Australia
93%
1862Canberra1157New Zealand
91%
1050Brasília653Bolivia
80%
540Reykjavík336Denmark
72%
918Tokyo571South Korea
69%
473Washington, D.C294Canada
69%
666Beijing414North Korea
66%
484Jakarta301Australia
57%
733Mexico CIty456United States
57%
814Manila506Taiwan
56%
619Suva385Tonga
53%
831Antananarivo516Mozambique
47%
512Lima318Brazil
47%
459Malé285India
47%
497Funafuti309Fiji
43%
515South Tarawa320Marshall Islands
42%
645Victoria401Mauritius
42%
532Honiara331Papua New Guinea
36%
645Praia401Senegal
34%
466Ankara290Bulgaria
27%

Score Distribution

Percentile by Number Answered

Percent of People with Each Score

Your Score History

You have not taken this quiz